Elenca la formazione - Finale UEFA Champions League 2004-2005 - Statistics

Statistiche generali
  • Questo quiz è stato fatto 61 volte
  • Il punteggio medio è 16 su 22
Statistiche sulle risposte
Ruolo Nazione Calciatore % Corretto
Difensore Italia Alessandro Nesta
100%
Centrocampista Italia Andrea Pirlo
100%
Attaccante Ucraina Andrij Ševčenko
100%
Portiere Brasile Dida
100%
Difensore Italia Paolo Maldini
100%
Difensore Brasile Cafu
96%
Centrocampista Italia Gennaro Gattuso
96%
Trequartista Brasile Kaká
96%
Centrocampista Paesi Bassi Clarence Seedorf
94%
Attaccante Argentina Hernán Crespo
94%
Centrocampista Spagna Xabi Alonso
92%
Centrocampista Inghilterra Steven Gerrard
90%
Portiere Polonia Jerzy Dudek
86%
Difensore Paesi Bassi Jaap Stam
84%
Difensore Inghilterra Jamie Carragher
53%
Centrocampista Norvegia John Arne Riise
47%
Attaccante Repubblica Ceca Milan Baroš
41%
Difensore Finlandia Sami Hyypiä
37%
Trequartista Australia Harry Kewell
33%
Centrocampista Spagna Luis García
20%
Difensore Irlanda Steve Finnan
20%
Difensore Mali Djimi Traoré
10%
Nessun quiz corrispondente trovato
Distribuzione punteggi
Percentuale di utenti per punteggio
Percentile per numero di risposta
I tuoi punteggi nel tempo
Non hai fatto questo quiz